[Event "Heraklion op 22nd"]
[Site "Heraklion"]
[Date "2018.01.08"]
[Round "9"]
[White "Gorskiy, Alexander"]
[Black "Spirou, Gerasimos"]
[Result "1-0"]
[WhiteElo "1883"]
[BlackElo "1697"]
[PlyCount "127"]
[EventDate "2018.01.02"]
[EventType "swiss"]
[EventRounds "9"]
[EventCountry "GRE"]
[SourceTitle "EXT 2019"]
[Source "ChessBase"]
[SourceDate "2018.10.10"]
[SourceVersion "1"]
[SourceVersionDate "2018.10.10"]
[SourceQuality "1"]

1. c4 c5 2. Nc3 Nc6 3. g3 g6 4. Bg2 Bg7 5. e3 Nf6 6. Nge2 0-0 7. 0-0 d6 8. d4 cxd4 9. exd4 Bg4 10. Be3 Qc8 11. b3 e5 12. d5 Nd4 13. f3 Bh3 14. Nxd4 exd4 15. Bxd4 Bxg2 16. Kxg2 a6 17. Ne4 Nxe4 18. fxe4 f6 19. Qd3 Qc7 20. Rf3 Rae8 21. Raf1 Qe7 22. R1f2 h5 23. Re3 Bh6 24. Ree2 Bg7 25. Qc3 Rf7 26. Qd3 Qd7 27. a3 h4 28. b4 hxg3 29. hxg3 Bh8 30. Kg1 Rh7 31. Bxf6 Bxf6 32. Rxf6 Qh3 33. Qf3 Qh6 34. Rf4 Qg7 35. Qe3 g5 36. Rff2 Qe5 37. Rf5 Qa1+ 38. Re1 Qb2 39. Qxg5+ Rg7 40. Qe3 Rh7 41. Rf2 Qh8 42. Qf3 Qe5 43. Ree2 Rg7 44. Kg2 Kh8 45. Re1 Kg8 46. Qf6 Qxg3+ 47. Kf1 Qg1+ 48. Ke2 Qg4+ 49. Kd3 Qg3+ 50. Re3 Qg1 51. Rf1 Qg2 52. Qf2 Qg5 53. Rf3 Qe7 54. Qd4 Qg5 55. Qf6 Qg4 56. Qf4 Qg2 57. Qxd6 Ree7 58. Qh6 Re8 59. Qd2 Qg6 60. Qe3 b5 61. c5 Rd8 62. Qd4 Qg2 63. Qf2 Qg6 64. Rf8+ 1-0